Вып. 43; Информационный бюллетень РБА

Detalles Bibliográficos
Parent link:Информационный бюллетень РБА/ Российская библиотечная ассоциация. Вып. 43.— , 1996-
Idioma:ruso
Publicado: 2007
Subjects:
Formato: MixedMaterials Libro
KOHA link:https://koha.lib.tpu.ru/cgi-bin/koha/opac-detail.pl?biblionumber=122598

MARC

LEADER 00000nam2a2200000 4500
001 122598
005 20231031130110.0
035 |a (RuTPU)RU\TPU\book\132732 
090 |a 122598 
100 |a 20071005d2007 km y0rusy50 ca 
101 0 |a rus 
102 |a RU 
105 |a y z 000zy 
200 0 |a Вып. 43 
210 |d 2007 
215 |a 116 с. 
461 1 |0 (RuTPU)RU\TPU\book\77437  |t Информационный бюллетень РБА  |f Российская библиотечная ассоциация  |v Вып. 43  |d 1996- 
610 1 |a библиотеки 
610 1 |a библиотечное дело 
610 1 |a Российская библиотечная ассоциация 
610 1 |a РБА 
610 1 |a информационные бюллетени 
610 1 |a библиотечное законодательство 
610 1 |a ИФЛА 
610 1 |a инновации 
686 |a Ч734(2)л0  |v LBC/SL-A  |2 rubbk 
801 1 |a RU  |b 63413507  |c 20071005  |g PSBO 
801 2 |a RU  |b 63413507  |c 20100609  |g PSBO 
942 |c BK